| 000 | 00717nam a2200193Ia 4500 | ||
|---|---|---|---|
| 003 | GCL | ||
| 008 | 140319s9999 xx 000 0 ara d | ||
| 040 |
_aGCL / _cGCL |
||
| 082 | 0 | 4 |
_a956.03 _bهـ ا |
| 100 | 1 | _aهادى حسن عليوى | |
| 245 | 1 | 0 |
_aالاتجاهات الوحدوية فى الفكر القومى العربى المشرقى 1918-1952 / _cهادى حسن عليوى |
| 250 | _aالاولى | ||
| 260 |
_aالقاهرة : _bمركز دراسات الوحدة العربية ، _c2000 |
||
| 300 |
_a252 ص ؛ _c24 سم |
||
| 650 | 0 | 4 | _aالوحدة العربية |
| 650 | 0 | 4 | _aالقومية العربية - تاريخ |
| 650 | 0 | 4 | _aالعالم العربى - تاريخ |
| 942 |
_2ddc _cBK |
||
| 999 |
_c1521 _d1521 |
||